000 00905nam a22002297a 4500
999 _c13812
_d13812
003 AR-CdUCM
008 190416b ||||| |||| 00| 0 eng d
040 _aMUNICIPALIDAD PROVINCIAL DEL CUSCO
_cBIBLIOTECA MUNICIPAL DEL CUSCO
082 _aC / 985.61 /
_bC79
100 _aCosio, Jose Gabriel
_911720
245 _aEl Cuzco prehispánico i colonial /
260 _aCuzco :
_bEl Trabajo,
_c1918.
300 _a96 páginas ;
_c21 cm.
505 _aEl Cuzco ante la historia -- El Cuzco en la historia de América -- El Cuzco primitivo y sus etapas -- El cuzco de los incas -- El cuzco colonial -- La organización política y administrativa...
650 _aCusco.
_9772
650 _aHistoria del cusco.
_91714
650 _aDesarrollo del Cusco.
_930901
650 _aCusco religioso.
_932370
700 _aHerrera, Fortunato L. (prologo)
_932371
942 _2ddc
_cLIBROS
945 _awfj
_d2019-04-16